[Event "Scarborough CC Spring Swiss U1700"]
[Site "Toronto"]
[Date "2008.04.24"]
[Round "7"]
[White "Xie, Peter"]
[Black "Ben Avraham, Mark"]
[Result "1/2-1/2"]
[WhiteElo "1377"]
[BlackElo "1461"]
[PlyCount "101"]
[EventDate "2008.03.13"]
[EventType "swiss"]
[EventRounds "8"]
[EventCountry "CAN"]
[SourceTitle "EXT 2011"]
[Source "ChessBase"]
[SourceDate "2010.11.26"]
[SourceVersion "1"]
[SourceVersionDate "2010.11.26"]
[SourceQuality "1"]

1. e4 e5 2. Nf3 Nc6 3. Bb5 a6 4. Ba4 Nf6 5. c3 b5 6. Bc2 d5 7. exd5 Nxd5 8. 0-0 Be7 9. d4 exd4 10. Nxd4 Nxd4 11. Qxd4 0-0 12. Qd3 Nf6 13. Be3 Qxd3 14. Bxd3 Re8 15. Nd2 Bb7 16. Be2 Rad8 17. Bf3 Bd5 18. Bxd5 Nxd5 19. Nb3 Nxe3 20. fxe3 Bg5 21. a4 Bxe3+ 22. Kh1 Bb6 23. axb5 axb5 24. Rf5 Re2 25. Rb1 Rde8 26. Rff1 Ra8 27. Nd4 Bxd4 28. cxd4 Ra2 29. Rfc1 Raxb2 30. Ra1 Ra2 31. Rab1 Reb2 32. h3 Rxb1 33. Rxb1 c6 34. d5 Ra6 35. dxc6 Rxc6 36. Rxb5 Rc1+ 37. Kh2 g6 38. Rb4 Kg7 39. Rf4 g5 40. Rf3 Kg6 41. Rf2 Rc4 42. g4 Rc5 43. Kg2 f5 44. gxf5+ Rxf5 45. Rxf5 Kxf5 46. Kf3 h5 47. Kg3 h4+ 48. Kf3 Kg6 49. Ke4 Kf6 50. Ke3 Ke6 51. Ke4 1/2-1/2

[Event "Scarborough CC Late Fall Swiss"]
[Site "Toronto"]
[Date "2006.12.21"]
[Round "8"]
[White "Graham, John"]
[Black "Ben Avraham, Mark"]
[Result "1-0"]
[WhiteElo "1573"]
[BlackElo "1113"]
[PlyCount "53"]
[EventDate "2006.11.02"]
[EventType "swiss"]
[EventRounds "8"]
[EventCountry "CAN"]
[SourceTitle "EXT 2022"]
[Source "ChessBase"]
[SourceDate "2021.10.06"]
[SourceVersion "1"]
[SourceVersionDate "2021.10.06"]
[SourceQuality "1"]

1. e4 e6 2. Nc3 d5 3. Nf3 Bb4 4. b3 d4 5. Ne2 Nc6 6. Bb2 e5 7. Ng3 Nf6 8. Be2 Be6 9. 0-0 Qd7 10. Ne1 0-0-0 11. Nd3 g5 12. c3 Be7 13. cxd4 Nxd4 14. Nxe5 Qd6 15. Nc4 Qf4 16. Ne3 Nxe4 17. Nxe4 Qxe4 18. Re1 Bd5 19. Nxd5 Qxd5 20. Bg4+ f5 21. Rxe7 fxg4 22. Qxg4+ Kb8 23. Rc1 Rhe8 24. Rxe8 Rxe8 25. Qxd4 Qxd4 26. Bxd4 Re2 27. Be3 1-0